00427nam a22001337a 4500003001100000005001700011008004100028040003900069041000800108082001600116245007100132260006300203650002700266LK-CoMWRAF20230911192507.0230911b2001 |||||||| |||| 00| 0 eng d aLK-CoMWRAFdLK-CoMWRAFeLK-CoMWRAF aeng a305.48bSTA aStatus of muslim women in Sri Lanka :bDuring the last two decades aColombo :bMuslim Women's research and action forum,c2001 aMuslim women-Sri Lanka